Nirvana Discography - Statistics

General Stats
  • This quiz has been taken 26 times
  • The average score is 40 of 65
Answer Stats
Year Album Song % Correct
1989 Bleach About a Girl
95%
1994 MTV Unplugged in New York About a Girl
95%
1991 Nevermind Lithium
95%
1991 Nevermind Smells Like Teen Spirit
95%
1991 Nevermind In Bloom
91%
1991 Nevermind Something in the Way
91%
1994 MTV Unplugged in New York Something in the Way
91%
1993 In Utero Heart-Shaped Box
86%
1992 Incesticide Aneurysm
82%
1991 Nevermind Breed
82%
1991 Nevermind Come as You Are
82%
1994 MTV Unplugged in New York Come as You Are
82%
1992 Incesticide (New Wave) Polly
82%
1991 Nevermind Polly
82%
1994 MTV Unplugged in New York Polly
82%
1989 Bleach School
82%
1994 MTV Unplugged in New York The Man Who Sold the World
82%
1993 In Utero Dumb
77%
1994 MTV Unplugged in New York Dumb
77%
1994 MTV Unplugged in New York Where Did You Sleep Last Night
77%
1991 Nevermind Drain You
73%
1993 In Utero Pennyroyal Tea
73%
1994 MTV Unplugged in New York Pennyroyal Tea
73%
1993 In Utero Scentless Apprentice
73%
1991 Nevermind Territorial Pissings
73%
1993 In Utero All Apologies
68%
1994 MTV Unplugged in New York All Apologies
68%
1989 Bleach Blew
68%
1991 Nevermind On a Plain
68%
1994 MTV Unplugged in New York On a Plain
68%
1993 In Utero Rape Me
68%
1993 In Utero Frances Farmer Will Have Her Revenge on Seattle
64%
1993 In Utero Serve the Servants
64%
1994 Bonus Track You Know You're Right
64%
1991 Nevermind Lounge Act
59%
1989 Bleach Love Buzz
59%
1991 Nevermind Stay Away
59%
1992 Incesticide Dive
55%
1989 Bleach Floyd the Barber
55%
1994 MTV Unplugged in New York Lake of Fire
55%
1994 MTV Unplugged in New York Jesus Doesn't Want Me for a Sunbeam
50%
1993 In Utero Milk It
50%
1994 MTV Unplugged in New York Plateau
50%
1993 In Utero Radio Friendly Unit Shifter
50%
1992 Incesticide Downer
45%
1992 Incesticide Mexican Seafood
45%
1992 Incesticide Molly's Lips
45%
1989 Bleach Negative Creep
45%
1993 In Utero Very Ape
45%
1992 Incesticide Aero Zeppelin
41%
1989 Bleach Mr. Moustache
41%
1994 MTV Unplugged in New York Oh Me
41%
1992 Incesticide Sliver
41%
1993 In Utero Tourette's
41%
1989 Bleach Paper Cuts
36%
1989 Bleach Scoff
36%
1989 Bleach Sifting
36%
1989 Bleach Swap Meet
36%
1992 Incesticide Turnaround
36%
1992 Incesticide Been a Son
32%
1992 Incesticide Hairspray Queen
32%
1992 Incesticide Beeswax
27%
1992 Incesticide Stain
27%
1992 Incesticide Big Long Now
23%
1992 Incesticide Son of a Gun
23%
No matching quizzes found
Score Distribution
Percent of People with Each Score
Percentile by Number Answered
Your Score History
You have not taken this quiz